Môj otec Imrich Karvaš život a dielo národohospodára, ktorý dosiahol na vrchol i celkom na dno

Salvato in:
Dettagli Bibliografici
Autore principale: Karvaš, Milan
Natura: Libro
Lingua:slovacco
Pubblicazione: Budmerice Vydavateľstvo Rak 2001
Serie:Osudy
Soggetti:
Tags: Aggiungi Tag
Nessun Tag, puoi essere il primo ad aggiungerne!!

MARC

LEADER 00000nam a2200000 4500
001 c141555
005 20221124104701.5
020 |a 80-85501-20-1 
041 0 |a slo 
044 |a SK 
245 1 0 |a Môj otec Imrich Karvaš  |b život a dielo národohospodára, ktorý dosiahol na vrchol i celkom na dno  |c Milan Karvaš 
264 1 |a Budmerice  |b Vydavateľstvo Rak  |c 2001 
300 |a 151 s. 
490 1 |a Osudy 
830 0 |a Osudy 
610 2 0 |a ekonómovia 
610 2 0 |a osobnosť 
610 2 0 |a hospodárstvo národné 
610 2 0 |a dejiny hospodárske 
100 1 |a Karvaš, Milan